Представление документа в формате RUSMARC

ПолеНазваниеЗначение
  Тип записи a
  Библиографический уровень m
001 Контрольный номер a99ec050ba014af980189b09f0f4d122
005 Дата корректировки 20260528163807.3
010 Индекс ISBN __
a ISBN 978-5-406-15110-5
9 Тираж 500 экз.
100 Данные общей обработки __
a Данные общей обработки 20260528d2026 mk y0rusy028902 ca
101 Язык документа 0_
a Язык текста rus
102 Страна публикации __
a Страна публикации RU
105 Кодированные данные (монография) __
a Кодированные данные (монография) y z 000yy
181 Поле кодированных данных: вид содержания _0
a Код вида содержания (ISBD) i
182 Поле кодированных данных: тип средства _0
a Код типа средства (ISBD) n
200 Заглавие и сведения об ответственности 1_
a Заглавие Библиотеки и генеративный ИИ
e Сведения, относящиеся к заглавию от первых шагов до продвинутых решений
e Сведения, относящиеся к заглавию практическое пособие
f Первые сведения об ответственности А. О. Федоров, А. В. Ананьев
203 Вид содержания и тип средства __
a Вид содержания Текст
c Тип средства непосредственный
210 Выходные данные 1_
a Место издания Москва
c Издательство КноРус
d Дата издания 2026
215 Физическое описание __
a Объем 80 с.
c Иллюстрации/тип воспроизводства рис., схемы
d Формат 21 см
320 Библиография __
a Библиография Библиография: с. 69-74 (73 названия)
330 Аннотация __
a Аннотация Книга объясняет сложные концепции генеративного искусственного интеллекта простым языком, показывает реальные сценарии его использования в библиотечной практике и предлагает готовые решения для автоматизации задач и развития цифровой грамотности. От первых шагов в освоении ИИ до внедрения собственных проектов — каждый найдет здесь инструменты, которые помогут сделать библиотеку еще более актуальной и востребованной в XXI веке. Это практическое руководство для библиотекарей, педагогов и специалистов социокультурной сферы, стремящихся уверенно ориентироваться в мире современных технологий.
606 Тематические рубрики __
2 Код системы nlr_sh
a Основная рубрика Библиотечное дело
606 Тематические рубрики __
2 Код системы nlr_sh
a Основная рубрика Автоматизация библиотечных процессов
610 Ключевые слова 0_
a Ключевые слова искусственный интеллект
610 Ключевые слова 0_
a Ключевые слова искусственный интеллект в библиотечной деятельности
610 Ключевые слова 0_
a Ключевые слова ИИ
610 Ключевые слова 0_
a Ключевые слова AI
610 Ключевые слова 0_
a Ключевые слова artificial intelligence
610 Ключевые слова 0_
a Ключевые слова генеративный искусственный интеллект
610 Ключевые слова 0_
a Ключевые слова нейронные сети
610 Ключевые слова 0_
a Ключевые слова нейросети
610 Ключевые слова 0_
a Ключевые слова автоматизация библиотек
610 Ключевые слова 0_
a Ключевые слова ИИ-грамотность
610 Ключевые слова 0_
a Ключевые слова ИИ-контент
610 Ключевые слова 0_
a Ключевые слова распознавание ИИ-контента
610 Ключевые слова 0_
a Ключевые слова системы распознавания
610 Ключевые слова 0_
a Ключевые слова чат-боты
610 Ключевые слова 0_
a Ключевые слова чат-боты библиотек
686 Индексы других классификаций __
2 Код системы rubbks
a Классификационный индекс 78.023
700 Автор _1
a Фамилия Федоров
b Имя А. О.
g Полное личное имя Андрей Олегович
4 Код отношения 070
701 Альтернативная интеллектуальная ответственность _1
a Фамилия Ананьев
b Имя А. В.
g Полное личное имя Александр Владимирович
4 Код отношения 070
801 Источник записи _0
a Страна RU
b Организация Муниципальное бюджетное учреждение культуры "Централизованная библиотечная система" г. Сургут (Центральная городская библиотека им. А. С. Пушкина)
c Дата составления 20260528
g Правила каталогизации PSBO
801 Источник записи _1
a Страна RU
b Организация Муниципальное бюджетное учреждение культуры "Централизованная библиотечная система" г. Сургут (Центральная городская библиотека им. А. С. Пушкина)
c Дата составления 20260528
g Правила каталогизации PSBO
852 Данные о местонахождении __
i Авторский знак Ф 33
j Шифр хранения 78.023
901 Тип документа __
a Ответственный КиК/Обаева
t Тип документа m
901 Тип документа __
a Ответственный без партии
903 Характеристики (МАРС) __
a Дата передачи 20260528
c Наименование библиотеки (МАРС) Муниципальное бюджетное учреждение культуры "Централизованная библиотечная система" г. Сургут (Центральная городская библиотека им. А. С. Пушкина)
969 Тип издания __
a Тип издания Ф 26
a Тип издания практическое пособие